| 000 | 00363nam a22001457a 4500 | ||
|---|---|---|---|
| 020 | _qPB. | ||
| 040 | _cFIZZA ISHAQ | ||
| 082 |
_a004.20 _bKEN |
||
| 100 |
_aJULIE KENDALL E. KENNETH. _989338 |
||
| 245 |
_aSYSTEMS ANALYSIS AND DESIGN / _cKENNETH E. KENDALL JULIE. |
||
| 250 | _a10th ED. | ||
| 260 |
_aNEW YORK ; _c2020. |
||
| 300 | _a571 P. ; | ||
| 942 |
_2ddc _cBK |
||
| 999 |
_c588105 _d588105 |
||